000 00324nam a2200133Ia 4500
005 20251222155126.0
008 251222s9999||||xx |||||||||||||| ||spa||
082 _aREL.10.1
100 _aCAZELLES Henri.
245 0 _aIntroducción Crítica al Antiguo Testamento
250 _a1ra. ed.
264 _bHerder
942 _cLIB
999 _c38637
_d38637